| 000 | 00685nam a2200229 i 4500 | ||
|---|---|---|---|
| 001 | bg | ||
| 100 | 1 | _aDIXON, Robert C. | |
| 245 | 1 | 0 |
_aSpread spectrum systems with commercial applications / _cRobert C. Dixon. |
| 250 | _a3rd ed. | ||
| 260 |
_aNew York [et al.] : _bJohn Wiley, _ccop. 1994. |
||
| 300 |
_aXV, [2], 573 s. : _bfot., rys., wykr. ; _c24 cm. |
||
| 504 | _aBibliogr. s. 441-484. - Indeks. | ||
| 650 | 9 |
_aAnaliza spektralna _xstosowanie _xtelekomunikacja |
|
| 650 | 9 | _aPrzetwarzanie sygnałów | |
| 020 | _a0471593427 | ||
| 040 | _cBPK | ||
| 041 | 0 | _aen | |
| 080 | _a621.391 | ||
| 920 | _a0-471-59342-7 | ||
| 942 | _cKS | ||
| 008 | s pl f |000 0 pol | ||
| 999 |
_c31295 _d31295 |
||
| 856 |
_uhttp://koha.tu.koszalin.pl/cgi-bin/koha/opac-detail.pl?biblionumber=31295 _yKatalog online BPK |
||